02157cam a2200337 a 4500999001700000001000900017003000400026005001700030008004100047010001700088020003900105040001800144042000800162050002200170082002100192100003700213245010900250246005500359260006500414300004500479504006400524505084500588650004001433650004001473650005301513650003001566650002001596906004501616942003401661952012401695 c22680d2268016676747OSt20170124150250.0110303s2011 ctua b 001 0 eng  a 2011009738 a9780300169140 (cloth : alk. paper) aDLCcDLCdDLC apcc00aNA680b.R655 201100a724/.60899242221 aRosenfeld, Gavriel David,d1967-10aBuilding after Auschwitz :bJewish architecture and the memory of the Holocaust /cGavriel D. Rosenfeld.30aJewish architecture and memory after the Holocaust aNew Haven [Conn.] ;aLondon :bYale University Press,c2011. aix, 438 p. :bill. (some col.) ;c27 cm. aIncludes bibliographical references (p. 357-415) and index.0 aIntroduction -- Jewish architecture before the Holocaust. From the wilderness to World War II: a brief history of Jewish architecture -- After the Holocaust: Jewish architecture in the era of Modernism. Adorno's echoes: the Holocaust's cultural legacy at mid-century -- American synagogue architecture and the missing Holocaust -- Synagogues in Germany: between forgetting and remembrance -- Jewish architects and secular Jewish architecture -- Toward a more Jewish modernism: Louis L. Kahn -- Jewish architecture in the postmodern era. Postmodernism, post-Holocaust culture, and architectural discourse -- The Deconstructivists: Eisenman, Libeskind, and Gehry -- Jewish architects between alienation and assimilation -- Holocaust museums: a new form of Jewish architecture -- Jewish architecture between nightmare, nostalgia, and normalcy. 0aArchitecture, Moderny20th century. 0aArchitecture, Moderny21st century. 0aHolocaust, Jewish (1939-1945), and architecture. 0aJudaism and architecture. 0aJewsxIdentity. a7bcbccorignewd1eecipf20gy-gencatlg 2lcccBOOKShNA 680 .R655 2011 00102lcc4070aMUCbMUCcGENd2017-01-24eDonation(B.F.A)l0oNA 680 .R655 2011p32082r2017-01-24w2017-01-24yBOOKS